| 000 | 00587nam a22001817a 4500 | ||
|---|---|---|---|
| 008 | 151107b xxu||||| |||| 00| 0 eng d | ||
| 020 | _a978-81-8316-325-5 | ||
| 082 |
_aDC 618.92 _bR423 |
||
| 100 |
_9293 _aRenuka P. _cDr. |
||
| 245 |
_aChildren with disabilities: _bteacher's attitude towards inclusion/ _cP. Renuka |
||
| 260 |
_aNew Delhi: _bNeelkamal Publications; _cc2014. |
||
| 300 |
_axix, 204 pages; _c22 cm. |
||
| 500 | _aIncludes index. | ||
| 650 | 0 |
_9294 _aDevelopmental disabilities |
|
| 650 | 0 |
_9295 _aChildren with disabilities _xCare |
|
| 365 |
_b954.00 _cPHP. |
||
| 942 |
_2ddc _cDC |
||
| 999 |
_c184 _d184 |
||